The French Connection /

Gardado en:
Detalles Bibliográficos
Autor Principal: Moore, Robin (autor)
Formato: Libro
Idioma:inglés
Publicado: Londres, Inglaterra : Hodder and Stoughton, 1971, c1969
Etiquetas: Engadir etiqueta
Sen Etiquetas, Sexa o primeiro en etiquetar este rexistro!

MARC

LEADER 00000nam^a2200000^a^4500
001 000433058
005 20250526000000.0
009 20260310123031.076
020 |a 0-340-15089-0 
037 |a Acervo ITESO - Biblioteca 
041 |a ING 
091 |a FHM. 06324 
100 |a Moore, Robin  |e (autor) 
245 1 4 |a The French Connection / 
264 4 |a Londres, Inglaterra :  |b Hodder and Stoughton,  |c 1971, c1969 
300 |a 301 p. ;  |c 18.0 cm. 
336 |a texto  |b txt  |2 rdacontenido 
337 |a sin mediación  |b n  |2 rdamedio 
338 |a volumen  |b nc  |2 rdasoporte 
649 |a XX 
910 |a Fondo Hugo B. Margáin 
920 |a Impresos - Libros 
930 |a Libros Antiguos y Raros 
905 |a 126 
901 |a 0500314785  |b IT2  |c LRA  |i D107400  |u 20250526 
902 |a https://opac.biblio.iteso.mx/vufind/Record/000433058